000
00189 a2200097 4500
020
_a
9781426771897
041
_a
eng
100
_a
Collins,Ace
245
_a
The Frutcake Murders
942
_c
BK
999
_c
14868
_d
14868